Geld Das magazin für Wirtschaft, Politik & Investmentprodukte

Na minha lista:
Detalhes bibliográficos
Formato: Periódico
Idioma:alemão
Publicado em: Wien 4profit Verlag 2017
Assuntos:
Tags: Adicionar Tag
Sem tags, seja o primeiro a adicionar uma tag!

MARC

LEADER 00000nas2a2200000 4500
001 0282261
005 20230130094540.8
022 |a 0343-8724 
041 0 |a ger 
044 |a AT 
245 1 0 |a Geld  |b Das magazin für Wirtschaft, Politik & Investmentprodukte 
264 1 |a Wien  |b 4profit Verlag  |c 2017 
500 |a chýba č. 1/2018 
773 0 |w eu_un_cat*0066711 
610 2 0 |a trh finančný 
610 2 0 |a trh peňažný 
610 2 0 |a peniaze 
610 2 0 |a trh kapitálový 
610 2 0 |a Rakúsko